000 00544nam a2200193Ia 4500
008 130318s9999 xx 000 0 und d
020 _a8187940069
082 _a005.133J HUG/J
100 _aHuges, Merlin
245 _aJava network programming: A complete guide to networking, streams, and distributed computing
250 _a2
260 _bManning
_aPune
_c2001
300 _a807
650 _aJAVA
650 _aOBJECT ORIENTED PROGRAMMING
650 _aPROGRAMMING LANGUAGE
700 _aHamner, Derek
700 _aShoffner, Michael
999 _c354
_d354